Name that Moustache Quiz Stats

Quiz not verified by Sporcle

Challenge
Share
Tweet
Embed
Score 0/26 Timer 08:00
0 Plays Today
Clue Name % Correct
This rocker’s facial hair was dubbed in 2009 by The Daily Mirror as Britain’s favorite mustache. Freddie Mercury
68.2%
This wrestling icon has plans to shave his iconic ‘stache. There’s an internet campaign to stop him.Hulk Hogan
66.7%
Surrealist Spanish painter.Salvador Dali
63.6%
E=MC2 Albert Einstein
63.6%
Websites are devoted to cat’s having facial markings that mimic this dictator’s facial hair.Adolf Hitler
62.1%
His cult of personality may or may not have been helped by this Russian dictator’s large moustache.Joseph Stalin
56.1%
A Halloween costume of this 70s television star would include: a moustache, Hawaiian shirt and a Detroit Tigers baseball cap. Tom Selleck
50%
Mongolian warrior and conqueror.Genghis Khan
48.5%
Samuel Langhorne Clemens.Mark Twain
48.5%
Swiss psychiatrist. Hung with Freud.Carl Jung
47%
Wore a fake moustache and eyebrows made with greasepaint.Groucho Marx
45.5%
Fictional Belgian detective described in the following passages: 'He was hardly more than five feet four inches . . . His head was exactly the shape of the egg . . . His moustache Hercule Poirot
45.5%
One of the most famous people said to have first popularized something called the toothbrush mustache. Also called the ⅓ mustache, philtrum moustache and the postage stamp.Charlie Chaplin
40.9%
Clue Name % Correct
Kept his moustache as a “good luck piece” throughout his Olympic swimming career.Mark Spitz
39.4%
This mustachioed actor wore no undershirt in his 1934 film It Happened One Night. The rumors is that undershirt sales plummeted as a result.Clark Gable
37.9%
This fictional villain’s moustache would twitch when he heard a clock ticking. Captain Hook
33.3%
The following quote could be attributed to this surgeon-turned author: “For strange effects and extraordinary combinations we must go to life itself, which is always far more darArthur Conan Doyle
25.8%
This Mexican artist had a moustache and included it in the piece “Self-Portrait,” 1940.Frida Kahlo
24.2%
Handlebar mustache wearing cartoon villain. Other things he wears: cape, top hat, black clothing.Snidely Whiplash
22.7%
This Baltimorean said his pencil-thin moustache is an homage to Little Richard. John Waters
22.7%
Moustaches and leather: Two words that could be used to describe this 70s band. The Village People
22.7%
Quaker Oats spokesperson.Wilford Brimley
16.7%
Hung with cartoon spy Natasha Fatale.Boris Badenov
16.7%
This Chilean dictator usually sported shades with his toothbrush moustache. Augusto Pinochet
15.2%
The fictional portrayal of this mustachioed historical figure once said this: “You know how I stayed alive this long? All these years? Fear. The spectacle of fearsome acts. SomebBill the Butcher
7.6%
It was said that this dictator’s soldiers were encouraged to copy his bushy moustache, grown as a salute to Stalin. Sadaam Hussein
4.5%

You're not logged in!

Compare scores with friends on all Sporcle quizzes.
Sign Up with Email
OR
Log In

You Might Also Like...

Show Comments

Extras

Top Quizzes Today


Score Distribution

Your Account Isn't Verified!

In order to create a playlist on Sporcle, you need to verify the email address you used during registration. Go to your Sporcle Settings to finish the process.

Report this User

Report this user for behavior that violates our Community Guidelines.

Details: